000 00444nam a2200193Ia 4500
008 240510s9999 xx 000 0 und d
020 _a0000907563147
041 _aEng
082 _a005.133
082 _bH16
100 _aHARTNELL, T.
245 0 _aLET YOUR BBC MICRO TEACH YOU TO PROGRAM
260 _bLONDON : INTERFACE
260 _c1982
300 _a193 p.
650 _aPROGRAMMING LANGUAGES
942 _2ddc
942 _cLBK
999 _c26285
_d26285
945 _a1
_bMadushi Gamage
_c1
_dMadushi Gamage